| 000 | 00542nam a2200145 a 4500 | ||
|---|---|---|---|
| 008 | 120416s1974 ||||||||||||||||| || u | ||
| 050 | _aHG 4028.C45 Sla | ||
| 100 | _aSlater, S. D | ||
| 245 | 1 | 4 | _aThe strategy of cash |
| 246 | _aa liquidity approach to maximizing the company's profits | ||
| 260 |
_aNew York _bJohn Wiley and Sons _c1974 |
||
| 300 | _axvii, 392p. | ||
| 350 | _a0.00 | ||
| 995 |
_D0.00 _FCBU-MAIN LIBRARY (Kitwe) _H1 _I0.00 _UAVAILABLE _ZAnnex Low-Usage Collection |
||
| 999 |
_c58595 _d58595 |
||